[Event "RUS-chB U18"]
[Site "Dagomys"]
[Date "2009.04.22"]
[Round "8"]
[White "Prokopenko, Anastasia"]
[Black "Filonenko, Elena"]
[Result "1-0"]
[WhiteElo "1798"]
[BlackElo "1575"]
[PlyCount "63"]
[EventDate "2009.04.15"]
[EventType "swiss"]
[EventRounds "9"]
[EventCountry "RUS"]
[SourceTitle "EXT 2010"]
[Source "ChessBase"]
[SourceDate "2010.11.25"]
[SourceVersion "1"]
[SourceVersionDate "2010.11.25"]
[SourceQuality "1"]

1. e4 c5 2. Nf3 d6 3. Bb5+ Nd7 4. d4 cxd4 5. Qxd4 a6 6. Ba4 Ngf6 7. Bg5 b5 8. Bb3 Bb7 9. Nc3 e5 10. Qe3 Be7 11. 0-0 0-0 12. Rfd1 Qc7 13. Rac1 Nc5 14. Nd5 Nxd5 15. Bxd5 Bxd5 16. Bxe7 Qxe7 17. Rxd5 f5 18. exf5 Rxf5 19. Rcd1 Rd8 20. Nd4 Rh5 21. Nc6 Qh4 22. Nxd8 Qxh2+ 23. Kf1 Qh4 24. Qf3 h6 25. Nc6 Qc4+ 26. Kg1 Qh4 27. Qh3 Qg5 28. Qg3 Qf6 29. Rxd6 Ne4 30. Rxf6 Nxg3 31. Ne7+ Kh7 32. Rxh6+ 1-0

[Event "RUS-chB U18"]
[Site "Dagomys"]
[Date "2009.04.21"]
[Round "7"]
[White "Prokopenko, Anastasia"]
[Black "Emelianova, Ekaterina"]
[Result "1/2-1/2"]
[WhiteElo "1798"]
[BlackElo "1813"]
[PlyCount "81"]
[EventDate "2009.04.15"]
[EventType "swiss"]
[EventRounds "9"]
[EventCountry "RUS"]
[SourceTitle "EXT 2010"]
[Source "ChessBase"]
[SourceDate "2010.11.25"]
[SourceVersion "1"]
[SourceVersionDate "2010.11.25"]
[SourceQuality "1"]

1. e4 c6 2. d4 d5 3. exd5 cxd5 4. c4 Nf6 5. Nc3 e6 6. Nf3 Be7 7. Bd3 dxc4 8. Bxc4 0-0 9. 0-0 Nbd7 10. Re1 Nb6 11. Bb3 Nbd5 12. a3 Bd7 13. Bg5 Re8 14. Qd3 Rc8 15. Rac1 a6 16. Ne5 Bc6 17. Bc2 g6 18. Bb3 Qb6 19. Nxd5 Nxd5 20. Bh6 Bf8 21. Bxf8 Rxf8 22. Bxd5 exd5 23. Rxc6 Rxc6 24. Nxc6 Qxc6 25. h3 Re8 26. Rxe8+ Qxe8 27. Qb3 Qc6 28. Qb4 Qd7 29. Qc5 Kg7 30. Qb4 Qc7 31. Kf1 Kf6 32. Ke1 Qe7+ 33. Qxe7+ Kxe7 34. Kd2 Kd6 35. Kd3 Kc6 36. Kc3 a5 37. a4 b5 38. b3 bxa4 39. bxa4 Kd6 40. Kd3 Ke6 41. Ke3 1/2-1/2

[Event "RUS-chB U18"]
[Site "Dagomys"]
[Date "2009.04.15"]
[Round "1"]
[White "Khobotova, Olesia"]
[Black "Prokopenko, Anastasia"]
[Result "1-0"]
[WhiteElo "1978"]
[BlackElo "1798"]
[PlyCount "99"]
[EventDate "2009.04.15"]
[EventType "swiss"]
[EventRounds "9"]
[EventCountry "RUS"]
[SourceTitle "EXT 2010"]
[Source "ChessBase"]
[SourceDate "2010.11.25"]
[SourceVersion "1"]
[SourceVersionDate "2010.11.25"]
[SourceQuality "1"]

1. e4 c5 2. Nc3 Nc6 3. g3 g6 4. Bg2 Bg7 5. d3 d6 6. Nge2 e6 7. 0-0 Nge7 8. Be3 Nd4 9. Qd2 0-0 10. Nd1 Rb8 11. c3 Nxe2+ 12. Qxe2 b5 13. Qd2 b4 14. Bh6 Bxh6 15. Qxh6 Ba6 16. Qd2 Nc6 17. f4 Ne7 18. Ne3 f5 19. Rfe1 Rb6 20. exf5 exf5 21. Bd5+ Nxd5 22. Nxd5 Rb7 23. Qe3 bxc3 24. bxc3 Bb5 25. Rab1 Qb8 26. Qe6+ Kg7 27. c4 Bc6 28. Rxb7+ Qxb7 29. Qxd6 Rf7 30. Qxc5 Bxd5 31. cxd5 Qa6 32. Qc4 Qb6+ 33. d4 Qa5 34. Re2 Rc7 35. Qb3 Rd7 36. Re5 Qd2 37. Qc4 Qd1+ 38. Kg2 Qd2+ 39. Re2 Qa5 40. Re5 Rc7 41. Qe2 Qb4 42. Qf2 Qa4 43. Kh3 Qd1 44. Qe2 Qxd4 45. Re7+ Rxe7 46. Qxe7+ Kh6 47. d6 Qd1 48. Qg5+ Kg7 49. Qe7+ Kg8 50. d7 1-0